[Event "Dresden ZMD op"]
[Site "Dresden"]
[Date "2009.07.28"]
[Round "4"]
[White "Schmidt, Maurin"]
[Black "Mishin, Fedor"]
[Result "0-1"]
[WhiteElo "1917"]
[BlackElo "1725"]
[PlyCount "80"]
[EventDate "2009.07.25"]
[EventType "swiss"]
[EventRounds "9"]
[EventCountry "GER"]
[SourceTitle "CBM 131 Extra"]
[Source "ChessBase"]
[SourceDate "2009.09.03"]
[SourceVersion "2"]
[SourceVersionDate "2009.09.16"]
[SourceQuality "1"]

1. d4 Nf6 2. c4 g6 3. Nf3 Bg7 4. Nc3 0-0 5. e4 d6 6. Be2 c5 7. 0-0 cxd4 8. Nxd4 Nc6 9. Be3 Nxd4 10. Bxd4 Ne8 11. Kh1 f5 12. Bxg7 Nxg7 13. f4 fxe4 14. Qd5+ Kh8 15. Qxe4 Rb8 16. Rad1 b6 17. Qd4 Qe8 18. Ne4 Bb7 19. Ng5 Rf6 20. Bf3 h6 21. Nh3 Ne6 22. Qd2 Kh7 23. Bd5 Bxd5 24. Qxd5 Rc8 25. b3 Rc5 26. Qe4 Ra5 27. a4 Qf7 28. g3 Nc5 29. Qc2 Nd7 30. b4 Rh5 31. Ng1 Ne5 32. Rd5 Nxc4 33. Rxh5 Ne3 34. Qd3 Nxf1 35. Nh3 Qa2 36. Ng5+ Kg7 37. Qxf1 hxg5 38. Rh3 Qe6 39. Qg2 gxf4 40. Qf2 Qxh3 0-1